El Salvador: contribución de la iglesia a la liberación nacional. Cuarta carta pastoral de Monseñor Oscar A. Romero (fragmento)

Guardat en:
Dades bibliogràfiques
Format: Text
Matèries:
Etiquetes: Afegir etiqueta
Sense etiquetes, Sigues el primer a etiquetar aquest registre!

MARC

LEADER 00000 a a2200000 04500
001 17886
003
040
245 |a El Salvador:   |b contribución de la iglesia a la liberación nacional. Cuarta carta pastoral de Monseñor Oscar A. Romero (fragmento)  
650 |a IGLESIA  
650 |a LIBERACION  
650 |a SOCIEDAD  
650 |a SEGURIDAD CIUDADANA  
773 |g volumen 3, número 42; páginas 381-383  
999 |c 21133  |d 21133 
773 0 |0 42391  |9 3773  |a Agencia Latinoamericana de Información, ALAI  |d Quito, Ecuador: ALAI  |o 03652  |t ALAI:  |x 08275564 (Servicio mensual de información y documentación)